Wicemistrzowie WBW (Polski Freestyle) - Statystyki

Ogólne statystyki
  • Ten quiz został rozwiązany 228 razy
  • Średni wynik to 11 z 17
Statystyki odpowiedzi
Data Wicemistrz WBW % Poprawnych
2017 Milu
92%
2019 Oset
91%
2018 Milan
88%
2012 Edzio
87%
2004 Te-Tris
87%
2005 Te-Tris
87%
2016 Kaz
83%
2015 Pejter
80%
2014 Jędrzej
65%
2008 Flint
55%
2009 Enson
49%
2011 Konrad
44%
2013 Mentor
43%
2003 Diox
35%
2010 Theodor
30%
2007 Puoć
27%
2006 Gres
23%
Nie znaleziono quizów pasujących do podanych kryteriów
Rozkład punktacji
Procent ludzi z każdym wynikiem
Percentyl według liczby udzielonych odpowiedzi
Twoja historia wyników
Nie rozwiązałeś tego quizu